ბათუმის შოთა რუსთაველის სახელმწიფო უნივერსიტეტის ბიბლიოთეკა

Курс физики. Том I. Механика, молекулярная физика. (ბიბ.ჩანაწერი № 37228)

000 -LEADER
fixed length control field 00525nam a2200205Ia 4500
001 - CONTROL NUMBER
control field 3187
003 - CONTROL NUMBER IDENTIFIER
control field GE_BSU
008 - FIXED-LENGTH DATA ELEMENTS--GENERAL INFORMATION
fixed length control field 181216s||||||||xx |||||||||||||| ||und||
020 ## - INTERNATIONAL STANDARD BOOK NUMBER
International Standard Book Number 5020144304
040 ## - CATALOGING SOURCE
Transcribing agency GE_BSU
080 ## - UNIVERSAL DECIMAL CLASSIFICATION NUMBER
Universal Decimal Classification number 53(075.8)+531+539
245 ## - TITLE STATEMENT
Title Курс физики. Том I. Механика, молекулярная физика.
245 ## - TITLE STATEMENT
Remainder of title Учеб.
260 ## - PUBLICATION, DISTRIBUTION, ETC.
Place of publication, distribution, etc. М.
260 ## - PUBLICATION, DISTRIBUTION, ETC.
Name of publisher, distributor, etc. Наука.
260 ## - PUBLICATION, DISTRIBUTION, ETC.
Date of publication, distribution, etc. 1989.
300 ## - PHYSICAL DESCRIPTION
Extent 352 стр. 20 см.
653 ## - INDEX TERM--UNCONTROLLED
Uncontrolled term Курс физики.
942 ## - ADDED ENTRY ELEMENTS (KOHA)
Koha item type წიგნი
ეგზემპლარები
Withdrawn status Lost status Damaged status Not for loan Date acquired Barcode Date last seen Price effective from Koha item type
        2018-12-17 8790 2018-12-17 2018-12-17 წიგნი
        2018-12-17 8791 2018-12-17 2018-12-17 წიგნი
        2018-12-17 8792 2018-12-17 2018-12-17 წიგნი